Indian law reports, Delhi series. (Record no. 88866)

MARC details
000 -LEADER
fixed length control field 00675cas a22002173 4500
001 - CONTROL NUMBER
control field 10576189
005 - DATE AND TIME OF LATEST TRANSACTION
control field 20140919171752.0
008 - FIXED-LENGTH DATA ELEMENTS--GENERAL INFORMATION
fixed length control field 860724u19uuuuuuii uu 0 0und
010 ## - LIBRARY OF CONGRESS CONTROL NUMBER
LC control number 78910811
040 ## - CATALOGING SOURCE
Original cataloging agency DLC
Transcribing agency CarP
Modifying agency DLC
043 ## - GEOGRAPHIC AREA CODE
Geographic area code a-ii---
050 00 - LIBRARY OF CONGRESS CALL NUMBER
Classification number LAW
245 00 - TITLE STATEMENT
Title Indian law reports, Delhi series.
Remainder of title Delhi series.
260 ## - PUBLICATION, DISTRIBUTION, ETC. (IMPRINT)
Place of publication, distribution, etc Delhi
Date of publication, distribution, etc Controller of Publications
Name of publisher, distributor, etc 2011-
300 ## - PHYSICAL DESCRIPTION
Extent v.
Dimensions 24 cm.
500 ## - GENERAL NOTE
General note "Containing cases determined by the High Court of Delhi."
650 #0 - SUBJECT ADDED ENTRY--TOPICAL TERM
Topical term or geographic name as entry element Law reports, digests, etc.
Geographic subdivision India.
710 1# - ADDED ENTRY--CORPORATE NAME
Corporate name or jurisdiction name as entry element Delhi.
Subordinate unit High Court. [from old catalog]
906 ## - LOCAL DATA ELEMENT F, LDF (RLIN)
a 0
b cbc
c serprem
d u
e ncip
f 19
g y-gencatlg
942 ## - ADDED ENTRY ELEMENTS (KOHA)
Source of classification or shelving scheme Dewey Decimal Classification
Item type Periodicals
Serial record 1
Holdings
Withdrawn status Lost status Source of classification or shelving scheme Damaged status Not for loan Collection code Home library Current library Date acquired Total Checkouts Date last seen Price effective from Koha item type
    Dewey Decimal Classification   Not For Loan Non-fiction D.B.Act.Division D.B.Act.Division 19/09/2014   19/09/2014 19/09/2014 Periodicals

© Delhi Public Library
Hit Counter
free hit counter